000 00356nam a2200145Ia 4500
008 230917s9999||||xx |||||||||||||| ||und||
040 _e135017
_aMAIN
041 _aEnglish
082 _a660.65 G49M
100 _aGlick,Bernard R
245 0 _aMolecular Biotechnology
260 _aNew Delhi
_bPanima Publishing
_c2002
300 _a500 p.
942 _cBK
999 _c141136
_d141136